000 00965cab a2200301 4500
001 ABS57178
008 090401t1997 xxu||||| |||| 00| 0 eng d
035 _a(Sirsi) u79094
041 _aeng
100 _aBaker, H.
245 _aChemical warfare at work
260 _c1997
350 _a0
490 _aNew Scientist
_v154(2087) 21 June 1997, 30-35(6)
520 _aExamines the chemical hazards which may occur in a modern office caused by paint, carpets and even the workforce. Analyses the effects this may have on people`s health and electronic equipment.
650 _aCHEMICAL HAZARDS
650 _aHEALTH AND SAFETY
_96244
650 _aHYDROXYL RADICALS
650 _aINDOOR AIR QUALITY
650 _aINDOOR POLLUTION
650 _aINDOOR SMOG
650 _aOFFICES
650 _aSICK BUILDING SYNDROME
650 _aVOLATILE ORGANIC COMPOUNDS
690 _aOFFICE SERVICES AND ADMINISTRATION
942 _n0
948 _c20/06/1997
999 _c49708
_d49708